[Event "65th ch-RUS HL"]
[Site "Tyumen RUS"]
[Date "2012.06.21"]
[Round "6"]
[White "Grachev,B"]
[Black "Khalifman,A"]
[Result "1/2-1/2"]
[WhiteElo "2680"]
[BlackElo "2651"]

1.c4 c5 2.Nf3 Nf6 3.Nc3 Nc6 4.g3 g6 5.Bg2 Bg7 6.d4 cxd4 7.Nxd4 O-O 8.O-O d6
9.Nxc6 bxc6 10.Bxc6 Rb8 11.Bg2 Qa5 12.Qc2 Bf5 13.e4 Be6 14.b3 Nxe4 15.Nxe4 Bxa1
16.Bg5 Bf5 17.Bxe7 Rfe8 18.Bxd6 Rbd8 19.Rxa1 Rxd6 20.Qc3 Qxc3 21.Nxc3 Rde6
22.Bd5 Re1+ 23.Rxe1 Rxe1+ 24.Kg2 Rc1 25.Nb5 Bb1 26.Nxa7 Bxa2 27.Nc6 Bxb3
28.Ne5 Kg7 29.Nxf7 Bxc4 30.Bxc4 Rxc4 31.Ng5 h6 32.Nf3 Kf6 33.h4 Kf5 34.Nd2 Rc3
35.Nf1 Ke4 36.Nh2 Rc6 37.Nf3 Rc3 38.Nh2 Rc8 39.Nf3 Rd8 40.Ng1 Rf8 41.Nh3 Rf7
42.Kf1 Rf6 43.Ke2 Ra6 44.Kf1 Kd3 45.Kg2 Rf6 46.Ng1 Ke4 47.Nh3 Rf5  1/2-1/2

[Event "65th ch-RUS HL"]
[Site "Tyumen RUS"]
[Date "2012.06.23"]
[Round "7"]
[White "Khalifman,A"]
[Black "Alekseev,Evgeny"]
[Result "1/2-1/2"]
[WhiteElo "2651"]
[BlackElo "2677"]

1.d4 Nf6 2.c4 e6 3.Nc3 Bb4 4.Qc2 O-O 5.e4 d5 6.e5 Ne4 7.Bd3 c5 8.Nf3 cxd4
9.Nxd4 Nd7 10.Bf4 Qh4 11.g3 Qh3 12.O-O-O Nxc3 13.bxc3 Ba3+ 14.Kb1 Nb6 15.Bf1 Qh5
16.Be2 Qg6 17.Be3 Be7 18.Qxg6 hxg6 19.Nb5 Bd7 20.Nc7 Rac8 21.Bxb6 axb6 22.cxd5 Rxc7
23.d6 Bxd6 24.Rxd6 Bc6 25.Rhd1 Bd5 26.Kb2 Rfc8 27.c4 Bxc4 28.Rd8+ Rxd8 29.Rxd8+ Kh7
30.Bxc4 Rxc4 31.Rd7 Re4 32.Rxf7 Rxe5 33.Rxb7 Rb5+ 34.Kc3 Ra5 35.Kb3 Rb5+
36.Ka3 Ra5+ 37.Kb2 Rb5+ 38.Ka1 g5 39.g4 Kg6 40.a3 Kf6 41.Ka2 g6 42.h3 Ke5
43.Rg7 Kf6 44.Rg8 Kf7 45.Rb8 Ke7 46.Rc8 Rd5 47.Kb3 Rd2 48.Rg8 Rxf2 49.Rxg6 Rf3+
50.Kb4 Rxh3 51.Rxg5 Rg3 52.Rb5 Rxg4+ 53.Kc3 Ra4 54.Rxb6 Rxa3+ 55.Kd2 Kf6
56.Ke2 Kf5 57.Rb5+ e5 58.Rb4 e4 59.Rb8 Kf4  1/2-1/2

[Event "65th ch-RUS HL"]
[Site "Tyumen RUS"]
[Date "2012.06.24"]
[Round "8"]
[White "Frolyanov,D"]
[Black "Khalifman,A"]
[Result "1/2-1/2"]
[WhiteElo "2564"]
[BlackElo "2651"]

1.e4 g6 2.d4 Bg7 3.Nc3 d6 4.Be3 a6 5.a4 b6 6.Nf3 Bb7 7.Bc4 e6 8.O-O Nf6 9.e5 dxe5
10.Nxe5 O-O 11.Bg5 Nc6 12.Nxc6 Bxc6 13.Qd3 Qd6 14.Rad1 Bb7 15.Qe2 Rfe8 16.Bxf6 Bxf6
17.Ne4 Bxe4 18.Qxe4 c6 19.c3 b5 20.axb5 axb5 21.Bb3 c5 22.dxc5 Qxc5 23.g3 Red8
24.Rxd8+ Rxd8 25.Rd1 Rxd1+ 26.Bxd1 b4 27.Qxb4 Qxb4 28.cxb4 Bxb2 29.Kg2 Bc3
30.b5 Bd4 31.f4 h5 32.h4 Kf8 33.Bf3 Bb6 34.Bc6 Bd4 35.Bf3 Bb6 36.Bc6 Bd4
37.Bf3  1/2-1/2

[Event "65th ch-RUS HL"]
[Site "Tyumen RUS"]
[Date "2012.06.25"]
[Round "9"]
[White "Khalifman,A"]
[Black "Popov,Iv RUS"]
[Result "1/2-1/2"]
[WhiteElo "2651"]
[BlackElo "2609"]

1.Nf3 c5 2.c4 g6 3.d4 cxd4 4.Nxd4 Nc6 5.e4 Nf6 6.Nc3 d6 7.f3 Nxd4 8.Qxd4 Bg7
9.Be3 O-O 10.Qd2 Be6 11.Rc1 Qa5 12.Be2 Rfc8 13.b3 a6 14.Na4 Qxd2+ 15.Kxd2 Nd7
16.g4 Rc7 17.h3 Rac8 18.Rhd1 f5 19.exf5 gxf5 20.Ke1 fxg4 21.hxg4 d5 22.cxd5 Rxc1
23.Bxc1 Bxd5 24.Bb2 e6 25.Bc4 Bxc4 26.Rxd7 Bxb2 27.bxc4 Be5 28.c5 b5 29.cxb6 Rc4
30.Nb2 Bxb2 31.b7 Be5 32.b8=Q+ Bxb8 33.Rd8+ Kf7 34.Rxb8 Rc2 35.a4 Rc4 36.Rb7+ Kg8
37.Re7 Rxa4 38.Kf2 Ra5 39.f4 Ra3 40.Rxe6 a5 41.Ra6 a4 42.g5 Kf7 43.f5 Ra1
44.Ra7+ Kg8 45.Ra8+  1/2-1/2

[Event "65th ch-RUS HL"]
[Site "Tyumen RUS"]
[Date "2012.06.26"]
[Round "10"]
[White "Shimanov,A"]
[Black "Khalifman,A"]
[Result "1-0"]
[WhiteElo "2600"]
[BlackElo "2651"]

1.d4 e6 2.Nf3 Nf6 3.c4 Bb4+ 4.Bd2 a5 5.g3 d6 6.Bg2 Nbd7 7.O-O e5 8.Be3 O-O
9.Nc3 Bxc3 10.bxc3 e4 11.Nd2 Re8 12.Qc2 Qe7 13.Rae1 b6 14.h3 Bb7 15.g4 h6
16.f4 exf3 17.exf3 Nf8 18.d5 Qd7 19.f4 Re7 20.Bd4 Rae8 21.Rb1 N6h7 22.Be4 Ba6
23.Bf5 Qd8 24.Bd3 Rd7 25.Ne4 f5 26.gxf5 Rxe4 27.Bxe4 Bxc4 28.Rfe1 Nf6 29.Bf3 Rf7
30.Qg2 Bd3 31.Rbd1 Bxf5 32.Re3 Qd7 33.Rde1 Bxh3 34.Qg3 Bf5 35.Bxf6 Rxf6 36.Re7 Rg6
37.Qxg6 Nxg6 38.Rxd7 Bxd7 39.Re4 c6 40.dxc6 Bxc6 41.Re3 Bxf3 42.Rxf3 Kf7
43.c4 Ne7 44.Rb3 Nc8 45.Kf2 g5 46.fxg5 hxg5 47.Rb5 Ke6 48.Rxg5 Kd7 49.Ke3 Ne7
50.Ke4 Ke6 51.Rb5 Nc8 52.Rh5 Ne7 53.Rh6+ Kd7 54.Rh7 Ke6 55.Kd3 Nc6 56.Kc3 Nb4
57.a3 Na6 58.Kd4  1-0

[Event "65th ch-RUS HL"]
[Site "Tyumen RUS"]
[Date "2012.06.27"]
[Round "11"]
[White "Khalifman,A"]
[Black "Yevseev,D"]
[Result "1-0"]
[WhiteElo "2651"]
[BlackElo "2529"]

1.d4 d5 2.c4 e6 3.Nf3 Nf6 4.Nc3 c6 5.Bg5 h6 6.Bh4 dxc4 7.e4 g5 8.Bg3 b5 9.Be2 Bb7
10.Qc2 Nbd7 11.Rd1 Bb4 12.O-O Nh5 13.d5 Nxg3 14.hxg3 Qe7 15.b3 cxd5 16.exd5 Bxc3
17.dxe6 Qxe6 18.Qxc3 O-O 19.Nd4 Qf6 20.Nxb5 Qxc3 21.Nxc3 Nb6 22.bxc4 Rac8
23.Nb5 Nxc4 24.Nxa7 Rc5 25.Rc1 Ba6 26.a4 Re8 27.Bxc4 Rxc4 28.Rxc4 Bxc4 29.Rc1 Bd3
30.Rc8 Kf8 31.f3 f6 32.Kf2 h5 33.Rxe8+ Kxe8 34.Nb5 Kd7 35.Nc3 Bc4 36.Ne4 Ke6
37.Ke3 h4 38.gxh4 gxh4 39.Nd2 Ba6 40.Kf4 f5 41.Kg5  1-0

[Event "Minsk Open 2012"]
[Site "Minsk BLR"]
[Date "2012.07.14"]
[Round "5.2"]
[White "Khalifman,A"]
[Black "Gorovets,A"]
[Result "1/2-1/2"]
[WhiteElo "2642"]
[BlackElo "2448"]

1.d4 f5 2.Nf3 Nf6 3.g3 g6 4.c4 Bg7 5.b4 Nc6 6.b5 Na5 7.Qc2 c5 8.bxc6 bxc6
9.c5 Ba6 10.e3 Bxf1 11.Kxf1 Qc8 12.Kg2 Nb7 13.Nc3 Nd8 14.Rb1 Ne6 15.Qb3 O-O
16.Bd2 Kh8 17.Qc4 Ne4 18.Qd3 Nxd2 19.Qxd2 Qc7 20.Ne2 Rab8 21.Qc2 Rxb1 22.Rxb1 Rb8
23.Nf4 Nxf4+ 24.gxf4 Bf6 25.h4 e6 26.Rb3 Rb7 27.Qb1 Rxb3 28.Qxb3 Kg7 29.Kh3 Qc8
30.a4 Bd8 31.Qb2 Bf6 32.a5 Qa6 33.Qb8 Qe2 34.Kg2 Bxh4 35.Nxh4  1/2-1/2

[Event "Minsk Open 2012"]
[Site "Minsk BLR"]
[Date "2012.07.16"]
[Round "7.4"]
[White "Khalifman,A"]
[Black "Meribanov,V"]
[Result "1/2-1/2"]
[WhiteElo "2642"]
[BlackElo "2366"]

1.Nf3 c5 2.c4 Nf6 3.Nc3 Nc6 4.e3 e6 5.d4 d5 6.a3 cxd4 7.exd4 Be7 8.c5 Ne4
9.Qc2 Bf6 10.Bb5 Bd7 11.Bxc6 Bxc6 12.O-O a5 13.Bf4 a4 14.Ne5 Bxe5 15.Bxe5 O-O
16.Na2 Re8 17.f3 Nf6 18.Nb4 Bb5 19.Rfe1 Nd7 20.Bg3 Nb8 21.Bxb8 Rxb8 22.Rac1 Qd7
23.Qd2 Rec8 24.Qf4 b6 25.c6 Qc7 26.Qxc7 Rxc7 27.f4 g6 28.g4 Kg7 29.Kf2 Kf6
30.Re3 h5 31.h3 Rh8 32.Kg3 hxg4 33.hxg4 Rhc8 34.Rc2 Bc4 35.Rf2 Ke7 36.Rc3 Bb5
37.Rc1 Bxc6 38.Rfc2 Kd7 39.Nd3 Kd6 40.g5 Bb5 41.Rxc7 Rxc7 42.Rxc7 Kxc7 43.Ne5 Be8
44.Kf2 Kb7 45.Ke3 Ka6 46.Kd3  1/2-1/2

[Event "Minsk Open 2012"]
[Site "Minsk BLR"]
[Date "2012.07.18"]
[Round "9.2"]
[White "Khalifman,A"]
[Black "Lutsko,I"]
[Result "1/2-1/2"]
[WhiteElo "2642"]
[BlackElo "2325"]

1.Nf3 g6 2.e4 Bg7 3.d4 d6 4.Nc3 Nf6 5.Be3 O-O 6.Qd2 Bg4 7.Ng5 Nc6 8.h3 Bd7
9.d5 Nb4 10.a3 Na6 11.Bxa6 bxa6 12.O-O c6 13.Nf3 Re8 14.dxc6 Bxc6 15.Qd3 Rf8  1/2-1/2

[Event "Botvinnik Memorial 2012"]
[Site "St Petersburg RUS"]
[Date "2012.08.31"]
[Round "7.10"]
[White "Khalifman,A"]
[Black "Lovkov,R"]
[Result "1-0"]
[WhiteElo "2621"]
[BlackElo "2424"]

1.d4 Nf6 2.c4 e6 3.Nc3 d5 4.Bg5 Bb4 5.e3 Nbd7 6.cxd5 exd5 7.Bd3 c5 8.Ne2 c4
9.Bc2 Qa5 10.O-O O-O 11.f3 Re8 12.Qd2 b5 13.a3 Bf8 14.e4 Qb6 15.Kh1 dxe4
16.fxe4 Bb7 17.e5 Nd5 18.Nxd5 Bxd5 19.Nc3 Qc6 20.Nxd5 Qxd5 21.Qf4 Rab8 22.Rf3 Rb6
23.Raf1 h6 24.Bh4 g5 25.Qf5 Bg7 26.Qh7+ Kf8 27.Be4 Qe6 28.d5  1-0

[Event "St Petersburg Rapid Cup 2012"]
[Site "St Petersburg RUS"]
[Date "2012.10.05"]
[Round "2.6"]
[White "Khalifman,A"]
[Black "Vitiugov,N"]
[Result "1/2-1/2"]
[WhiteElo "2614"]
[BlackElo "2691"]

1.d4 Nf6 2.c4 e6 3.Nf3 d5 4.g3 Bb4+ 5.Bd2 Be7 6.Bg2 c6 7.Qc2 O-O 8.O-O b6
9.Bf4 Ba6 10.b3 Nbd7 11.Rd1 Rc8 12.Nc3 Nh5 13.Bc1 Nhf6 14.e4 dxc4 15.Bf4 Nh5
16.Be3 Nhf6 17.Bf4 h6 18.h3 Bb4 19.Nd2 b5 20.bxc4 bxc4 21.a3 Ba5 22.Na4 c5
23.d5 exd5 24.exd5 Nh5 25.Bd6 Re8 26.Nxc4 Bxc4 27.Qxc4 Nb6 28.Nxb6 axb6 29.Bf3 Qxd6
30.Bxh5 Rcd8 31.Rac1 Re5 32.Bf3 Qf6 33.Kg2 Rd6 34.Rd3 g6 35.h4 h5 36.Rc2 Qe7
37.Rd1 Rf6 38.Re2 Rxe2 39.Qxe2 Qxe2 40.Bxe2 Rd6 41.Bc4 Bc3 42.Rd3 Bd4 43.Rb3 Kf8
44.f4 Ke7 45.a4 Kd8 46.Rb1 Ke7  1/2-1/2

[Event "St Petersburg Rapid Cup 2012"]
[Site "St Petersburg RUS"]
[Date "2012.10.05"]
[Round "3.2"]
[White "Khairullin,I"]
[Black "Khalifman,A"]
[Result "1/2-1/2"]
[WhiteElo "2639"]
[BlackElo "2614"]

1.d4 Nf6 2.c4 g6 3.Nc3 d5 4.Bg5 Bg7 5.Nf3 c5 6.cxd5 Nxd5 7.Rc1 Nc6 8.Nxd5 Qxd5
9.Rxc5 Qxa2 10.Qd2 h6 11.Be3 Be6 12.g3 Rd8 13.Bg2 Bd5 14.O-O Bxf3 15.Bxf3 Nxd4
16.Qb4 Qxb2 17.Qxb2 Nxf3+ 18.exf3 Bxb2 19.Rb5 Bd4  1/2-1/2

[Event "St Petersburg Rapid Cup 2012"]
[Site "St Petersburg RUS"]
[Date "2012.10.05"]
[Round "4.5"]
[White "Khalifman,A"]
[Black "Alekseev,Evgeny"]
[Result "1/2-1/2"]
[WhiteElo "2614"]
[BlackElo "2683"]

1.d4 Nf6 2.c4 e6 3.Nf3 d5 4.g3 Bb4+ 5.Bd2 Be7 6.Bg2 O-O 7.O-O c6 8.Qc2 b6
9.Bf4 Nbd7 10.Rd1 Bb7 11.Nc3 dxc4 12.Nd2 Nd5 13.Nxc4 Nxf4 14.gxf4 Qc7 15.e3 Rad8
16.a3 c5 17.d5 exd5 18.Nxd5 Bxd5 19.Rxd5  1/2-1/2

[Event "St Petersburg Rapid Cup 2012"]
[Site "St Petersburg RUS"]
[Date "2012.10.06"]
[Round "6.4"]
[White "Khalifman,A"]
[Black "Dominguez Perez,L"]
[Result "1/2-1/2"]
[WhiteElo "2614"]
[BlackElo "2734"]

1.d4 Nf6 2.c4 e6 3.Nf3 Bb4+ 4.Bd2 Bxd2+ 5.Qxd2 d5 6.g3 c6 7.Bg2 Nbd7 8.O-O b6
9.Ne5 Bb7 10.Nc3 O-O 11.Rac1 Qe7 12.e4 dxe4 13.Nxe4 Nxe4 14.Bxe4 Nxe5 15.dxe5 c5
16.Bxb7 Rad8 17.Qe2 Qxb7 18.Rfd1  1/2-1/2

[Event "St Petersburg Rapid Cup 2012"]
[Site "St Petersburg RUS"]
[Date "2012.10.06"]
[Round "7.4"]
[White "Inarkiev,E"]
[Black "Khalifman,A"]
[Result "1/2-1/2"]
[WhiteElo "2683"]
[BlackElo "2614"]

1.e4 e5 2.Nf3 Nc6 3.Bb5 a6 4.Ba4 Nf6 5.O-O Bc5 6.c3 b5 7.Bb3 d6 8.a4 Bb7
9.d4 Bb6 10.Re1 h6 11.Be3 O-O 12.d5 Na7 13.Bxb6 cxb6 14.axb5 Nxb5 15.Nbd2 Na7
16.Nc4 a5 17.Nfd2 a4 18.Bc2 b5 19.Ne3 Nd7 20.Nf5 Nc5 21.Qg4 Qf6 22.f4 Bc8
23.fxe5 Bxf5 24.Qxf5 Qxe5 25.Qf2 Nd7 26.Nf3 Qf6 27.Qe2 Ne5 28.Nd4 Rfb8 29.Rf1 Qg5
30.Bd3 b4 31.Rxa4 bxc3 32.bxc3 Nc8 33.Rb4 Ne7 34.Bb5 Rc8 35.Rb3 Rc7 36.Kh1 Rca7
37.Bc6 Rc8 38.Nb5 N7xc6 39.dxc6 Re7 40.c7 Qg6 41.Qd1 Nc4 42.Re1 Rxe4 43.Rb4 Rce8
44.Rxe4 Qxe4 45.h3 d5 46.Rxc4 Qxc4 47.Nd6 Qxc7 48.Nxe8 Qe5 49.Nxg7 Kxg7  1/2-1/2

[Event "St Petersburg Rapid Cup 2012"]
[Site "St Petersburg RUS"]
[Date "2012.10.07"]
[Round "10.2"]
[White "Khalifman,A"]
[Black "Movsesian,S"]
[Result "1/2-1/2"]
[WhiteElo "2614"]
[BlackElo "2699"]

1.d4 d6 2.Nf3 Nf6 3.g3 g6 4.Bg2 Bg7 5.O-O O-O 6.Re1 Nbd7 7.e4 e5 8.Nc3 c6
9.a4 Re8 10.h3 h6 11.Be3 Kh7 12.a5 Qc7 13.Qd2 Nf8 14.Red1 Ne6 15.dxe5 dxe5
16.Qd6 Qxd6 17.Rxd6 Bf8 18.Rdd1 Nd7 19.Nb1 Nc7 20.Nbd2 f6 21.Nc4 Nb5 22.Ne1 Nc5
23.Nd3 Nxd3 24.Rxd3 Be6 25.b3 Red8 26.Rad1 Be7 27.f4 exf4 28.gxf4 Rxd3 29.Rxd3 Rd8
30.Rxd8 Bxd8 31.Kf2 Bxc4 32.bxc4 Na3 33.a6 bxa6 34.e5 fxe5 35.fxe5 Nxc4 36.e6 Nxe3
37.Kxe3 Kg7 38.Bxc6 Kf6 39.Bd7 Ke5 40.c3 Be7 41.Kf3 a5 42.Kg4 Kd5 43.Be8 Kxe6
44.Bxg6 Kd5 45.Kf3 Kc4 46.Ke2 Kxc3 47.Kd1 Bg5 48.Be8 Bf4 49.Bd7 h5 50.Be8 h4
51.Bd7 Kd3 52.Bf5+ Kc3 53.Bd7 Kb2 54.Be8 Be3 55.Bd7 Kc3 56.Be8 Bd2 57.Bd7 Bh6
58.Be8 Kb2 59.Bd7 Bf8 60.Be8 Ba3 61.Bd7 Kc3 62.Be8 Bb2 63.Bd7 Ba1 64.Kc1 Kd3
65.Kb1 Be5  1/2-1/2

[Event "St Petersburg Rapid Cup 2012"]
[Site "St Petersburg RUS"]
[Date "2012.10.07"]
[Round "11.6"]
[White "Svidler,P"]
[Black "Khalifman,A"]
[Result "1/2-1/2"]
[WhiteElo "2747"]
[BlackElo "2614"]

1.c4 e5 2.g3 c6 3.d4 Bb4+ 4.Bd2 Bxd2+ 5.Qxd2 d6 6.Nc3 Nf6 7.Bg2 O-O 8.e3 Be6
9.b3 exd4 10.Qxd4 d5 11.cxd5 Nxd5 12.Nge2 Nxc3 13.Qxc3 Nd7 14.O-O Nf6 15.Rfd1  1/2-1/2

[Event "Vladimir Petrov Memorial"]
[Site "Jurmala LAT"]
[Date "2013.02.16"]
[Round "9.4"]
[White "Kulaots,K"]
[Black "Khalifman,A"]
[Result "1/2-1/2"]
[WhiteElo "2582"]
[BlackElo "2614"]

1.e4 c5 2.Nf3 Nc6 3.Nc3 g6 4.d4 cxd4 5.Nxd4 Bg7 6.Be3 Nf6 7.Bc4 O-O 8.Bb3 d5
9.exd5 Na5 10.O-O Nxb3 11.Nxb3 b6 12.Bf4 Bb7 13.d6 exd6 14.Qxd6 Nh5 15.Qxd8 Rfxd8
16.Be3 Bxc3 17.bxc3 Rdc8 18.a4 Rxc3  1/2-1/2

[Event "Vladimir Petrov Memorial"]
[Site "Jurmala LAT"]
[Date "2013.02.16"]
[Round "11.3"]
[White "Ivanchuk,V"]
[Black "Khalifman,A"]
[Result "1-0"]
[WhiteElo "2758"]
[BlackElo "2614"]

1.d4 Nf6 2.c4 e6 3.Nc3 d5 4.cxd5 exd5 5.Bg5 c6 6.Qc2 Na6 7.a3 Nc7 8.e3 Be7
9.Bd3 Ne6 10.Bh4 g6 11.Nf3 Ng7 12.Bg5 Ne6 13.Bh4 Ng7 14.b4 a6 15.O-O Bf5
16.Na4 Bxd3 17.Qxd3 Nf5 18.Nc5 Nxh4 19.Nxh4 b5 20.Qc2 Bxc5 21.Qxc5 Rc8 22.Nf3 Ne4
23.Qc2 Nd6 24.Ne1 Nc4 25.a4 O-O 26.Nd3 Rc7 27.Nc5 Qc8 28.Qc3 Re7 29.Ra2 Rfe8
30.Rc1 h5 31.Qd3 Kg7 32.Qd1 Rf8 33.Rca1 Rfe8 34.Qf3 Rf8 35.Qf4 Rfe8 36.h3 Nb6
37.Qg5 Nc4 38.Qf4 Nb6 39.Ra3 Nc4 40.Rc3 Rf8 41.Rc2 Rfe8 42.Re2 Nb6 43.a5 Nc4
44.Rae1 Rd8 45.e4 dxe4 46.Rxe4 Rxe4 47.Rxe4 Rd5 48.Re7 Qf5 49.Qxf5 gxf5 50.Ra7 f4
51.Ne6+ Kf6 52.Nxf4 Rxd4 53.Nxh5+ Kg6 54.g4 Ne5 55.Rxa6 Nxg4 56.hxg4  1-0

[Event "Nakhchivan Open A 2013"]
[Site "Nakhchivan AZE"]
[Date "2013.04.22"]
[Round "1.13"]
[White "Mammadova,G"]
[Black "Khalifman,A"]
[Result "0-1"]
[WhiteElo "2322"]
[BlackElo "2614"]

1.e4 c5 2.Nf3 g6 3.d4 cxd4 4.Qxd4 Nf6 5.e5 Nc6 6.Qa4 Nd5 7.Qe4 Nc7 8.Nc3 Bg7
9.Bf4 Ne6 10.O-O-O O-O 11.h4 Qa5 12.Rd5 Qb4 13.Bc4 Na5 14.Nd2 Nxf4 15.Rb5 Qxb5
16.Bxb5 a6 17.Ba4 Ne6 18.Nd5 Re8 19.Nb6 Rb8 20.f4 Nc6 21.Nf3 Nc5 22.Qc4 d6
23.Bxc6 bxc6 24.Nxc8 Rexc8 25.Ng5 e6 26.Rd1 Nb7 27.exd6 Bxb2+ 28.Kd2 Nxd6
29.Qc5 Ba3 30.Qa7 h6 31.Qxa6 hxg5 32.Ke2 Ra8 33.Qd3 gxh4 34.g4 hxg3 35.Qxg3 Nf5
36.Qc3 Bf8 37.Rd7 Ra4 38.Kf3 Ra3  0-1

[Event "Nakhchivan Open A 2013"]
[Site "Nakhchivan AZE"]
[Date "2013.04.23"]
[Round "2.8"]
[White "Khalifman,A"]
[Black "Mamedjarova,T"]
[Result "1-0"]
[WhiteElo "2614"]
[BlackElo "2240"]

1.d4 d5 2.c4 c6 3.Nf3 Nf6 4.Nc3 e6 5.g3 Bd6 6.Bg2 O-O 7.O-O Nbd7 8.Nd2 h6
9.e4 dxe4 10.Ndxe4 Nxe4 11.Nxe4 Be7 12.Bf4 Nf6 13.Nc3 Bd6 14.Be5 Ne8 15.Qe2 c5
16.Rfd1 cxd4 17.Bxd4 Qa5 18.a3 f6 19.b4 Qc7 20.Nb5 Qb8 21.Nxd6 Nxd6 22.Bc5 Rd8
23.Qd3 Nf7 24.Qxd8+  1-0

[Event "Nakhchivan Open A 2013"]
[Site "Nakhchivan AZE"]
[Date "2013.04.24"]
[Round "3.2"]
[White "Guseinov,G"]
[Black "Khalifman,A"]
[Result "1/2-1/2"]
[WhiteElo "2623"]
[BlackElo "2614"]

1.e4 c6 2.d4 d5 3.Nc3 dxe4 4.Nxe4 Bf5 5.Ng3 Bg6 6.h4 h6 7.Nf3 Nd7 8.h5 Bh7
9.Bd3 Bxd3 10.Qxd3 e6 11.Bd2 Ngf6 12.O-O-O Be7 13.Kb1 O-O 14.Ne4 Nxe4 15.Qxe4 Nf6
16.Qe2 Qd5 17.Ne5 Qe4 18.Qxe4 Nxe4 19.Be3 Rfd8 20.c3 Nf6 21.g4 Bd6 22.Rdg1 Nd5
23.Bc1 c5 24.g5 Bxe5 25.dxe5 Kh7 26.Kc2 Ne7 27.Rd1 Nf5 28.a4 c4 29.Rhe1 a6
30.b3  1/2-1/2

[Event "Nakhchivan Open A 2013"]
[Site "Nakhchivan AZE"]
[Date "2013.04.25"]
[Round "4.4"]
[White "Khalifman,A"]
[Black "Safarli,E"]
[Result "1/2-1/2"]
[WhiteElo "2614"]
[BlackElo "2644"]

1.d4 Nf6 2.c4 g6 3.Nf3 Bg7 4.g3 d5 5.cxd5 Nxd5 6.Bg2 O-O 7.O-O c5 8.dxc5 Na6
9.Ng5 e6 10.Ne4 Bd7 11.Nbc3 Bc6 12.Bg5 f6 13.Bd2 f5 14.Nxd5 Bxd5 15.Nc3 Bxg2
16.Kxg2 Nxc5 17.Rc1 Rc8  1/2-1/2

[Event "Nakhchivan Open A 2013"]
[Site "Nakhchivan AZE"]
[Date "2013.04.26"]
[Round "5.6"]
[White "Shimanov,A"]
[Black "Khalifman,A"]
[Result "1/2-1/2"]
[WhiteElo "2639"]
[BlackElo "2614"]

1.Nf3 Nf6 2.c4 c5 3.Nc3 d5 4.cxd5 Nxd5 5.e4 Nb4 6.Bc4 Nd3+ 7.Ke2 Nf4+ 8.Kf1 Nd3
9.Ke2 Nf4+ 10.Kf1 Nd3 11.Ke2  1/2-1/2

[Event "Nakhchivan Open A 2013"]
[Site "Nakhchivan AZE"]
[Date "2013.04.28"]
[Round "6.4"]
[White "Khalifman,A"]
[Black "Tiviakov,S"]
[Result "1-0"]
[WhiteElo "2614"]
[BlackElo "2650"]

1.d4 Nf6 2.c4 e6 3.Nf3 b6 4.g3 Bb4+ 5.Bd2 Be7 6.Nc3 Bb7 7.Bg2 c6 8.O-O d5
9.Bf4 O-O 10.Ne5 Nfd7 11.e4 Nxe5 12.Bxe5 dxc4 13.Qg4 g6 14.Rad1 Nd7 15.Bf4 Nf6
16.Qe2 a5 17.Rfe1 Re8 18.Qxc4 b5 19.Qe2 b4 20.Na4 Ba6 21.Qc2 Bb5 22.Nc5 Nd7
23.h4 Ra7 24.e5 a4 25.Ne4 b3 26.axb3 axb3 27.Qc1 Qb6 28.Bg5 Bf8 29.Qf4 Rea8
30.Re3 Qb8 31.Rxb3 Qe8 32.Rc3 Ra1 33.Rcc1 Rxc1 34.Rxc1 Ra6 35.h5 Qa8 36.hxg6 hxg6
37.Rc3 Be2 38.g4 Ra1+ 39.Kh2 Rd1 40.Re3 Bf1 41.Rf3 Qe8 42.Bxf1 Rxf1 43.Nf6+ Nxf6
44.Bxf6  1-0

[Event "Nakhchivan Open A 2013"]
[Site "Nakhchivan AZE"]
[Date "2013.04.30"]
[Round "8.1"]
[White "Kurnosov,I"]
[Black "Khalifman,A"]
[Result "1/2-1/2"]
[WhiteElo "2649"]
[BlackElo "2614"]

1.e4 e5 2.Nf3 Nc6 3.Bb5 a6 4.Ba4 Nf6 5.O-O Be7 6.Re1 b5 7.Bb3 O-O 8.c3 d5
9.d4 dxe4 10.Nxe5 Nxe5 11.dxe5 Qxd1 12.Bxd1 Nd7 13.Rxe4 Nc5 14.Rd4 Ne6 15.Rd2 Bg5
16.Rc2 Bxc1 17.Rxc1 Nf4 18.Bf3 Rb8 19.Rd1 Ng6 20.Nd2 Nxe5 21.Be4 Nc4 22.b4 Nb2
23.Re1 Rb6 24.Bc2 Rc6 25.Rab1 Nc4 26.Nxc4 Rxc4 27.Re3 Rd8 28.Rd1 Rxd1+ 29.Bxd1 Kf8
30.Kf1 Be6 31.Bb3 Rc6 32.Bxe6 Rxe6 33.Rxe6 fxe6 34.Ke2 Ke7 35.Kd3 e5 36.Ke4 Ke6
37.h3 c6 38.g3 Kf6 39.f4 exf4 40.Kxf4 Ke6 41.Ke4 Kd6 42.h4 c5 43.g4 cxb4
44.cxb4 Ke6 45.Kd4 h5 46.gxh5 Kf5 47.Kc5 Kg4 48.Kb6 Kxh5 49.Kxa6 Kxh4 50.Kxb5 g5
51.Ka4 g4 52.b5 g3 53.b6 g2 54.b7 g1=Q 55.b8=Q Qd1+ 56.Qb3 Qd7+ 57.Ka5 Qa7+
58.Kb5 Qb7+ 59.Kc5 Qc7+ 60.Kd5 Qd7+ 61.Ke5 Qc7+ 62.Kf5 Qh7+ 63.Kf4 Qc7+ 64.Kf3 Qg3+
65.Ke4 Qg6+ 66.Ke3 Qg3+ 67.Kd4 Qf4+ 68.Kc3 Qe5+ 69.Kd2 Qh2+ 70.Kc1 Qf4+ 71.Kc2 Qf2+
72.Kc3 Qf6+ 73.Kc2 Qf2+ 74.Kb1 Qe1+ 75.Kb2 Qd2+ 76.Ka3 Kg5 77.Qb4 Qc1+ 78.Ka4 Qc2+
79.Qb3 Qe4+ 80.Kb5 Qb7+ 81.Kc5  1/2-1/2

[Event "Nakhchivan Open A 2013"]
[Site "Nakhchivan AZE"]
[Date "2013.05.01"]
[Round "9.4"]
[White "Khalifman,A"]
[Black "Iordachescu,V"]
[Result "1/2-1/2"]
[WhiteElo "2614"]
[BlackElo "2599"]

1.d4 d5 2.c4 c6 3.Nf3 Nf6 4.Qb3 e6 5.g3 Be7 6.Bg2 O-O 7.O-O a5 8.cxd5 a4
9.Qc2 cxd5 10.Nc3 Bd7 11.a3 Qa5 12.Bd2 Rc8 13.Rfc1 Qd8 14.Qd1 h6 15.e3  1/2-1/2

[Event "Bronstein Mem Open A 2014"]
[Site "Minsk BLR"]
[Date "2014.02.14"]
[Round "4.8"]
[White "Igonin,Temur"]
[Black "Khalifman,A"]
[Result "0-1"]
[WhiteElo "2118"]
[BlackElo "2611"]

1.e4 e6 2.d4 d5 3.Nd2 c5 4.exd5 Qxd5 5.Ngf3 cxd4 6.Bc4 Qd7 7.O-O Nc6 8.Nb3 Nf6
9.Nbxd4 Nxd4 10.Nxd4 a6 11.Re1 Bc5 12.c3 b5 13.Bb3 O-O 14.Bg5 Nd5 15.Bc2 Bb7
16.Qh5 g6 17.Qh4 Rfe8 18.Rad1 Be7 19.Nf3 Qc7 20.Bxe7 Qxe7 21.Ng5 Nf6 22.Rd4 Kg7
23.Re3 h6 24.Nxe6+ fxe6 25.Rg3 Qf7 26.Bxg6 Qxg6 27.Rxg6+ Kxg6 28.Qg3+ Kf7
29.Rf4 Rg8 30.Qe3 Bxg2 31.Qe5 Bh3+ 32.Kh1 Bf5 33.Qc7+ Kg6 34.Rd4 Rg7 35.Qc6 Rag8
36.f3 Kh7 37.Rd1 Bh3  0-1

[Event "Bronstein Mem Open A 2014"]
[Site "Minsk BLR"]
[Date "2014.02.15"]
[Round "5.4"]
[White "Khalifman,A"]
[Black "Akopian,Vl"]
[Result "1-0"]
[WhiteElo "2611"]
[BlackElo "2682"]

1.e4 c5 2.Nf3 e6 3.d4 cxd4 4.Nxd4 a6 5.c4 Nf6 6.Nc3 Qc7 7.Be2 b6 8.O-O Bb7
9.Qd3 d6 10.f4 Nbd7 11.b4 Be7 12.Be3 O-O 13.Rac1 Rad8 14.Nd5 exd5 15.cxd5 Nc5
16.bxc5 bxc5 17.Nb3 Rfe8 18.Bd2 Rb8 19.Na5 Bd8 20.Bf3 Qe7 21.Rfe1 Bxa5 22.Bxa5 Nd7
23.Bc3 f6 24.Rb1 Qd8 25.Rb2 Bc8 26.Rxb8 Nxb8 27.e5 fxe5 28.fxe5 dxe5 29.Rxe5 Rxe5
30.Bxe5 Nd7 31.Bc3 Qb6 32.d6 c4+ 33.Qd4 Kf8 34.Qxb6 Nxb6 35.Bd4 Nd7 36.Bd5 g6
37.Bxc4 Ke8 38.Kf2 Nf8 39.Ke3 Be6 40.Bxe6 Nxe6 41.Bc3 Kd7 42.Bb4 Ng7 43.Kf4 Nf5
44.Kg5 Ne3 45.g4 Ke6 46.Bc5 Nd5 47.Kh6 Nf6 48.h3 Ne4 49.Ba3 Nf2 50.Kxh7 g5
51.Kh6 Nxh3 52.Kg6 a5 53.Kh6 Kd7 54.Kh5 a4 55.Kh6 Ke6 56.Kg6 Kd7 57.Kf5 Ke8
58.Bb2 Kd7 59.Be5 a3 60.Kf6 Nf2 61.Kxg5 Ke6 62.Bh2 Ne4+ 63.Kh5 Nc3 64.g5 Nxa2
65.g6 Nb4 66.g7 Kf7 67.d7 Nc6 68.Be5 Nd8 69.Ba1 a2 70.Kg4 Ne6 71.Kf3 Kg8
72.Ke3 Kf7 73.Kd2 Nd8 74.Kc2 Nb7 75.Bc3  1-0

[Event "Bronstein Mem Open A 2014"]
[Site "Minsk BLR"]
[Date "2014.02.17"]
[Round "7.2"]
[White "Khalifman,A"]
[Black "Grachev,B"]
[Result "1/2-1/2"]
[WhiteElo "2611"]
[BlackElo "2669"]

1.d4 d5 2.c4 e6 3.Nf3 Nf6 4.Nc3 Nbd7 5.Bg5 h6 6.Bh4 Be7 7.e3 O-O 8.Qc2 c6
9.Bd3 a6 10.O-O dxc4 11.Bxc4 b5 12.Be2 Bb7 13.Rfd1  1/2-1/2

[Event "18th Voronezh Master Open 2014"]
[Site "Voronezh RUS"]
[Date "2014.06.12"]
[Round "1.4"]
[White "Khalifman,A"]
[Black "Kostin,K"]
[Result "0-1"]
[WhiteElo "2617"]
[BlackElo "2312"]

1.Nf3 d5 2.d4 Nf6 3.c4 c6 4.Nc3 dxc4 5.a4 Bf5 6.e3 e6 7.Bxc4 Bb4 8.O-O Nbd7
9.Nh4 Bg4 10.f3 Bh5 11.g4 Bg6 12.Ng2 Qc7 13.e4 O-O-O 14.Be3 e5 15.Qe2 exd4
16.Bxd4 Nb6 17.Be3 Nxc4 18.Qxc4 Bd6 19.h3 h5 20.g5 Ng4 21.hxg4 Bh2+ 22.Kf2 Qg3+
23.Ke2 hxg4 24.Nf4 Bg1 25.Bxg1 Qxf4 26.Rad1 gxf3+ 27.Ke1 Rde8 28.Rd4 Rh1
29.Kd1 f2 30.Bxf2 Qxf2 31.Rxh1 Qf3+ 32.Kc2 Qxh1 33.Kb3 Qh3 34.Rd6 Rxe4 35.Qc5 Qe3
36.Rxc6+ bxc6 37.Qxc6+ Kd8 38.Ka2 Qd4 39.Qa8+ Kd7 40.Qb7+ Kd8 41.Qa8+ Ke7  0-1

[Event "18th Voronezh Master Open 2014"]
[Site "Voronezh RUS"]
[Date "2014.06.15"]
[Round "4.10"]
[White "Khalifman,A"]
[Black "Predke,A"]
[Result "1/2-1/2"]
[WhiteElo "2617"]
[BlackElo "2491"]

1.e4 e5 2.Nf3 Nc6 3.Bb5 a6 4.Ba4 Nf6 5.O-O b5 6.Bb3 Bc5 7.c3 d6 8.d4 Bb6
9.Be3 Bb7 10.Nbd2 O-O 11.Re1 h6 12.h3 exd4 13.cxd4 Ne7 14.d5 c6 15.dxc6 Nxc6
16.Nf1 Na5 17.Ng3 Re8 18.Bxb6 Qxb6 19.Qd3 Rad8 20.Rad1 d5 21.e5 Ne4 22.Qe3 Qxe3
23.Rxe3 Nxg3 24.fxg3 d4 25.Rxd4 Nxb3 26.Rxd8 Rxd8 27.Rxb3 Rd1+ 28.Kf2 Bd5
29.Re3 Bxa2 30.Re1 Rd3 31.Re3 Rd1 32.Re1 Rxe1 33.Nxe1 a5 34.Ke3 Kf8 35.Kd4 Bc4
36.Nc2 g6 37.Kc5 Ke7 38.Nd4 Bf1 39.h4 b4 40.g4 Bxg2 41.g5 hxg5 42.hxg5 Bf1
43.e6 a4 44.Kxb4 fxe6 45.Kxa4 e5 46.Nc2 Ke6 47.b4 e4 48.b5 Ke5 49.Ka5 Bh3
50.b6 Bc8 51.Kb5 Kf4 52.Kc6 e3 53.b7 Bxb7+ 54.Kxb7 e2 55.Kc6 Kxg5 56.Kd5 Kf4
57.Kd4 Kf3 58.Kd3 Kf2 59.Kd2 g5 60.Ne1 g4 61.Nd3+ Kf1 62.Ne1 g3 63.Nc2 Kf2
64.Ne1 Kf1 65.Nc2 g2 66.Ne3+ Kf2 67.Nxg2 Kxg2 68.Kxe2  1/2-1/2